Normal view
MARC view
- Ortega Valencia, Piedad
Entry Nombre Personal
001 - NUMERO DE CONTROL
- campo de control: 50808
003 - IDENTIFICADOR DE NUMERO DE CONTROL
- campo de control: DLC
005 - FECHA Y HORA DE LA ÜLTIMA TRANSACCIÓN
- campo de control: 20240111153825.0
008 - DATOS DE LONGITUD FIJA
- campo de control de longitud fija: 140716nn acnnnaabn |a aaa c
010 ## - NÚMERO DE CONTROL DE LA BIBLIOTECA DEL CONGRESO
- Número de control LC: no2014094023
035 ## - NUMERO DE CONTROL
- Número de control: (OCoLC)oca09908819
040 ## - FUENTE DE CATALOGACIÓN
- Agencia original de catalogación: NcU
- Lenguaje de catalogación: spa
- Description conventions: rda
- Agencia de transcripción: NcU
- Agencia que lo modifica: MX-MxUPN
100 1# - ENCABEZAMIENTO - NOMBRE PERSONAL
- Nombre personal: Ortega Valencia, Piedad
370 ## - LUGAR ASOCIADO
- Associated country: Colombia
373 ## - GRUPO ASOCIADO
- Associated group: Universidad Pedagógica Nacional (Colombia)
377 ## - LENGUA ASOCIADA
- Language code: spa
400 1# - VEÁSE - NOMBRE DE PERSONA
- Personal name: Valencia, Piedad Ortega
670 ## - FUENTE EN LA QUE SE LOCALIZARON DATOS
- Cita de la fuente: Memoria y formación, 2013:
- Información localizada: portada. (Piedad Ortega Valencia) los autores (Doctora en Educación. Magíster en Educación y Desarrollo Comunitario. Profesora de la Maestría en Educación y de la Licenciatura en Educación Comunitaria con énfasis en DD.HH. de la Universidad Pedagógica Nacional (UPN). Investigadora del Grupo)
902 ## - CATALOGADOR
- Catalogador: VíctorGodínez/110124
